000 00678nam a2200253 a 4500
001 nice12345678
003 IN_TiNIC
005 20260116014101.0
008 110106s2010 oxfa grp 000 0 eng
020 _a9781851687466
_c595
082 0 0 _a922.4
_bSAS
100 _aSasson, Jean
245 _aGrowing Up Bin Laden
_b Osama`s Wife and Son Take Us Inside Their Secret World
260 _aOxford
_bOne World Publications
_c2010
300 _a334p
500 _aincludes index and biblioraphy
505 2 _aIndex
650 _aBiography-Bin Laden
700 1 _aNajwa, Bin Laden
700 1 _aOman, Bin Laden
902 _bSRS
942 _cBK
999 _c13803
_d13803